000 00360nam a22001577a 4500
003 MPLRDC
005 20220104123806.0
008 210129b ||||| |||| 00| 0 eng d
082 _a293.4 LQ
100 _a不详
245 _a嫁娶择日
_c
260 _a
_b大台北出版社
_c1986
300 _b
650 _a命相--择日
942 _cBK
_o293.4 LQ
999 _c14223
_d14213